000 01392nam a2200373 a 4500
001 ebr10427255
003 CaPaEBR
006 m u
007 cr cn|||||||||
008 081120s2008 enka sb 000 0 eng
010 _z 2008486669
015 _aGBA871131
_2bnb
016 7 _z014627199
_2Uk
020 _z9780826496553
020 _z0826496555
020 _z0826496563 (pbk.)
020 _z9780826496560 (pbk.)
040 _aCaPaEBR
_cCaPaEBR
035 _a(OCoLC)676700252
050 1 4 _aP291
_b.L87 2008eb
082 0 4 _a415
_222
100 1 _aLuraghi, Silvia,
_d1958-
245 1 0 _aKey terms in syntax and syntactic theory
_h[electronic resource] /
_cSilvia Luraghi and Claudia Parodi.
260 _aLondon ;
_aNew York :
_bContinuum,
_cc2008.
300 _axii, 265 p. :
_bill.
504 _aIncludes bibliographical references.
533 _aElectronic reproduction.
_bPalo Alto, Calif. :
_cebrary,
_d2013.
_nAvailable via World Wide Web.
_nAccess may be limited to ebrary affiliated libraries.
650 0 _aGrammar, Comparative and general
_xSyntax.
650 0 _aGrammar, Comparative and general
_xSyntax
_vTerminology.
655 7 _aElectronic books.
_2local
700 1 _aParodi, Claudia.
710 2 _aebrary, Inc.
856 4 0 _uhttp://site.ebrary.com/lib/rucke/Doc?id=10427255
_zAn electronic book accessible through the World Wide Web; click to view
999 _c144745
_d144745